000 00386nam a2200157Ia 4500
008 230524s9999 xx 000 0 und d
082 _a658.5401519
_bMAH
100 _aManohar Mahajan
_941986
245 0 _aOperations Research
250 _a3
260 _aNew Delhi
_bDhanpati Rai
_c2012
300 _a"XI,605p;"
500 _aQuantity Number: 1
650 _aComp-Sc
942 _cBK
999 _c56402
_d56402